00215nam a2200097Ia 4500100001600000650001200016245004200028260002100070082001400091546001200105 aZig Ziglar  aGeneral aUP UP Up staying in a down down world bMagna Publishers a226.8/ZIG aENGLISH